000 00832nam a2200253 a 4500
001 000012211
003 DO-SdBNP
005 20240412074230.0
007 ta
008 091106s1995 dr a r 001 0 spa d
040 _aDO-SdBNP
_bspa
_cBNPHU
082 4 _222
_a861.44
_bC577a
100 1 _aCiprián Ogando, Cornelio,
_d1959-
_928839
245 1 0 _aAmalgama a media tinta /
_cCornelio Ciprián Ogando
260 _aSanto Domingo :
_bNordeste,
_c1995.
300 _a53 p. :
_bil. ;
_c21 cm.
500 _aIncluye datos biográficos del autor en la solapa del la portada del libros.
590 _aInventariado, 2018/BT
650 0 _aPoesía dominicana
_966
650 0 _aLiteratura dominicana.
_967
700 1 _aJiménez, Luigi
_edibujos interiores
_982190
910 _aValidado. Control de calidad. MMOLINA
942 _2ddc
_cLBS1
999 _c11876
_d11876